| 000 | 00719cam a22002413a 4500 | ||
|---|---|---|---|
| 001 | 7488 | ||
| 003 | PGUSA | ||
| 005 | 20140828083145.0 | ||
| 008 | 050201s2005||||xxu|||||s|||||000 | eng d | ||
| 040 |
_aPGUSA _beng |
||
| 042 | _adc | ||
| 050 | 4 | _aPZ | |
| 100 | 1 | _aChisholm, Louey | |
| 245 | 1 | 0 |
_aCeltic Tales, Told to the Children _h[electronic resource] / _cLouey Chisholm |
| 260 |
_bProject Gutenberg, _c2005 |
||
| 505 | 0 | _aThe star-eyed Deirdre -- The four white swans -- Dermat and Grania. | |
| 506 | _aPublic domain in the USA. | ||
| 516 | _aElectronic text | ||
| 653 | _aFairy tales -- Great Britain | ||
| 830 | 0 |
_aProject Gutenberg _v7488 |
|
| 856 | 4 | 0 | _uhttp://www.gutenberg.org/ebooks/7488 |
| 942 | _cEB | ||
| 999 |
_c236808 _d236808 |
||